M Answers Quiz #2 - Statistics

General Stats
  • This quiz has been taken 36,879 times
  • The average score is 13 of 24
Answer Stats
Clue Answer % Correct
Mother of Bart, Lisa, and Maggie Marge
89%
Wizard friend of King Arthur Merlin
87%
Wet season in India and other countries Monsoon
84%
"Cocktail" made with gasoline Molotov
76%
Skin pigment that albinos are missing Melanin
71%
Larger neighbor of Minorca Majorca
68%
County of Ireland or something to put on a sandwich Mayo
64%
High IQ society Mensa
64%
Anti-pain drug made from poppies Morphine
64%
Hawaiian island Maui
62%
French for world Monde
59%
Robin Hood's love interest Marian
56%
Pointy mountain on the Swiss/Italian border Matterhorn
50%
Telekinetic heroine of a Dahl story Matilda
48%
Rapper Elliott Missy
48%
Chosen one Messiah
46%
Best-selling PC game of all-time Minecraft
46%
Friend of Neo and Trinity Morpheus
39%
Florentine author of "The Prince" Machiavelli
37%
Sensei who taught Daniel-san Miyagi
37%
Oldest man in the Bible Methuselah
35%
Third most common last name in Mexico Martínez
30%
"A plague o' both your houses", he said Mercutio
22%
City just south of Calexico Mexicali
20%
No matching quizzes found
Score Distribution
Percent of People with Each Score
Percentile by Number Answered
Your Score History
You have not taken this quiz